[Event "35th Cannes FIJ Open 2022"]
[Site "Cannes"]
[Date "2022.02.22"]
[Round "3.1"]
[White "Meshkovs, Nikita"]
[Black "Barseghyan, Harutyun"]
[Result "1-0"]
[WhiteElo "2559"]
[BlackElo "2439"]
[Annotator "TA"]
[PlyCount "275"]
[EventDate "2022.02.21"]
[EventType "swiss"]
[EventCountry "FRA"]
[SourceTitle "playchess.com"]
[Source "ChessBase"]
[SourceQuality "1"]

{[%evp 19,275,47,47,42,47,41,43,32,48,34,45,48,45,43,44,42,45,40,45,45,43,45,43,43,45,35,31,30,35,31,37,37,38,37,38,19,19,19,19,19,20,6,15,6,6,2,6,0,6,0,1,5,6,6,6,6,11,6,6,6,6,0,6,6,6,6,6,6,6,6,6,6,6,0,6,6,6,6,6,6,6,6,6,6,6,6,6,0,6,6,6,6,6,6,6,6,6,6,6,0,6,0,0,0,0,0,0,0,0,0,0,0,0,0,0,0,6,0,6,6,6,6,6,0,6,0,0,0,6,0,6,0,6,0,6,6,6,0,0,0,0,0,0,0,0,0,0,0,0,0,0,0,0,0,0,0,0,0,0,0,0,0,0,0,4,0,6,0,0,0,8,8,8,8,8,7,7,7,8,8,8,8,35,35,35,35,36,36,37,37,43,43,43,43,44,44,44,44,44,44,44,44,51,43,43,43,43,43,43,43,44,44,44,44,51,44,51,44,51,51,54,50,55,0,0,0,103,0,133,141,140,141,141,141,141,142,12838,12838,12838,12838,1087,195,1027,139,12846,12847,12847,12847,27999,27999,27999,27999,27999,27999,27999,27999,27999,27999]} 1. d4 Nf6 2. c4 e6 3. Nc3 Bb4 4. e3 O-O 5. Bd3 d5 6. cxd5 exd5 7. Nge2 c5 8. O-O Nc6 9. a3 {[%cal Ba2a3,Ba3b4,Bb4b5][%mdl 32]} cxd4 {9...Bxc3 is the modern continuation.} 10. axb4 dxc3 11. b5 {E48: Nimzo-Indian: Rubinstein: 5 Bd3 d5 including 6 Ne2, but excluding 6 a3.} Ne5 12. Nxc3 Nxd3 13. Qxd3 {[#] White is slightly better.} a6 $146 ({Predecessor:} 13... Be6 14. Ne2 Qb6 15. b3 Ne4 16. Bb2 Rfc8 17. Nf4 Nd6 18. Nxd5 Bxd5 19. Qxd5 Nxb5 20. Qg5 f6 21. Bxf6 Qxf6 22. Qxb5 {0-1 (47) Navara,D (2717)-Nihal,S (2610) chess24.com INT 2020}) 14. Rd1 Qb6 15. Qd4 Qxd4 16. Rxd4 Be6 17. Rda4 {[%cal Rb5a6]} Ne4 18. bxa6 Nxc3 19. bxc3 Rxa6 20. Rxa6 bxa6 21. Rxa6 $14 {[%mdl 4096] Endgame KRB-KRB} Rb8 22. f3 h5 {[#] And now ...Rb1 would win.} 23. Kf2 Rb1 24. Bd2 Kh7 25. Ra4 Rd1 26. Rd4 g5 27. e4 dxe4 28. fxe4 Kg6 29. Rd6 Ra1 30. h3 h4 31. Rd8 {Threatening Rg8+.} f6 32. Rd6 Kf7 33. e5 Ra2 34. Kg1 Ra1+ 35. Kh2 Ra5 36. exf6 Kxf6 37. Be3 Ke7 38. Rc6 Kf7 39. c4 Re5 40. Bb6 Re2 41. Bd8 Rc2 42. Bxg5 Rxc4 43. Rd6 Ra4 44. Bd8 Rc4 45. Rd2 Kg6 46. Rd6 Kf7 47. Ra6 Rd4 48. Bg5 Rc4 49. Ra5 Kg6 50. Be3 Re4 51. Bf2 Rc4 52. Ra6 Kf7 53. Ra5 Kg6 54. Re5 Kf6 55. Re2 Kf7 56. Bb6 Bf5 57. Bd8 Re4 58. Rd2 Rc4 59. Rd6 Be6 60. Kg1 Rc1+ 61. Kf2 Rc2+ 62. Kf3 Rc3+ 63. Kf4 Rc4+ 64. Kf3 Rc3+ 65. Kf2 Rc2+ 66. Kg1 Rc1+ 67. Kh2 Rc4 68. Bg5 Ra4 69. Kg1 Ra1+ 70. Kf2 Ra2+ 71. Bd2 Ra4 72. Kf3 Ke7 73. Rd3 Kf7 74. Ke3 Ke7 75. Bc3 Kf7 76. Rd2 Ra2 77. Bb2 Kg6 78. Kf4 Ra4+ 79. Ke5 Bc8 80. Rd6+ Kf7 81. Bc3 Rc4 82. Bd4 Rc2 83. Rf6+ Ke7 84. Rg6 Kf7 85. Rf6+ Ke7 86. Rh6 Re2+ 87. Kf4 Rxg2 88. Rxh4 Be6 89. Rh7+ Kd6 90. Rh5 Rg8 91. Be5+ Kc6 92. Bf6 Rg1 93. Bd4 Rf1+ 94. Ke5 Kd7 95. h4 Ke7 96. Rh7+ Rf7 97. Bc5+ Kd7 98. Rh5 Bb3 99. Rh6 Bc2 100. Rd6+ Kc7 101. Bb6+ Kb7 102. Bd8 Rf5+ 103. Ke6 Rc5 104. Rb6+ Ka7 105. Rb2 {Hoping for Bb6+.} Rc8 106. Bg5 Bd1 107. Kd6 Ka6 108. Bf6 Ka5 109. Rd2 Bf3 110. Rf2 Rc6+ 111. Ke7 Bd1 112. Rd2 Bf3 113. Rb2 Rc5 114. Kd6 Rb5 115. Rf2 Bh5 116. Rf4 Kb6 117. Bd4+ Ka5 118. Bc5 Bd1 119. Rf1 Rb1 120. h5 Bc2 121. Rf2 ({Better is} 121. Rf6 $14) 121... Rd1+ 122. Ke7 Be4 (122... Rd5 $11 {remains equal.}) 123. Rf4 (123. Be3 $16) 123... Bc6 (123... Rh1 $1 $11) 124. h6 $16 {aiming for Rh4.} Rh1 {Inhibits Rh4.} 125. Be3 Rh3 126. Rf5+ Kb4 127. Re5 Rh4 $2 {[%mdl 8192]} (127... Bg2 $16) 128. Kf6 $18 Ba4 129. Bg5 Rh1 130. Re4+ $2 (130. Bd2+ Ka3 131. Ra5) 130... Kb5 $2 (130... Ka3 131. Rc4 Bb5) 131. Bh4 $2 (131. Re2 $18 {Black must now prevent Kg7.} Bd1 132. Rf2) 131... Bc2 $2 {[%mdl 8192] [#] This move loses the game for Black.} (131... Rf1+ $16 132. Ke6 Bc2) 132. h7 $1 {[%mdl 512]} Rf1+ 133. Ke7 Bxe4 134. h8=Q {White mates.} Bd3 135. Qb2+ Kc4 136. Bf6 Re1+ 137. Kf8 Rd1 138. Qc3+ {Weighted Error Value: White=0.03 (flawless) /Black=0.01 (flawless)} 1-0

[Event "35th Cannes FIJ Open 2022"]
[Site "Cannes"]
[Date "2022.02.22"]
[Round "3.2"]
[White "Pantzar, Milton"]
[Black "Bellahcene, Bilel"]
[Result "1/2-1/2"]
[WhiteElo "2422"]
[BlackElo "2509"]
[Annotator "TA"]
[PlyCount "26"]
[EventDate "2022.02.21"]
[EventType "swiss"]
[EventCountry "FRA"]
[SourceTitle "playchess.com"]
[Source "ChessBase"]
[SourceQuality "1"]

{[%evp 13,14,20,29]} 1. d4 Nf6 2. Nf3 e6 3. c4 Bb4+ 4. Nbd2 b6 5. a3 Bxd2+ 6. Qxd2 Bb7 7. e3 O-O {[#]} {Predecessor:} 8. Be2 $146 {E14: Queen's Indian: Classical Variation (4 e3).} d5 9. b3 Nbd7 10. O-O c5 11. Bb2 Ne4 12. Qd1 Qe7 13. dxc5 Ndxc5 {½-½ (13) Nguyen,T (2577)-Wojtaszek,R (2691) Legnica 2021} 1/2-1/2

[Event "35th Cannes FIJ Open 2022"]
[Site "Cannes"]
[Date "2022.02.22"]
[Round "3.3"]
[White "Maurizzi, Marc Andria"]
[Black "Martin Duque, Jesus"]
[Result "1-0"]
[WhiteElo "2502"]
[BlackElo "2411"]
[Annotator "TA"]
[PlyCount "61"]
[EventDate "2022.02.21"]
[EventType "swiss"]
[EventCountry "FRA"]
[SourceTitle "playchess.com"]
[Source "ChessBase"]
[SourceQuality "1"]

{[%evp 14,61,3,4,4,0,82,81,82,0,36,-7,0,0,0,-4,-6,-16,27,0,0,0,0,0,0,0,0,-15,59,66,47,75,69,61,75,62,245,251,243,240,854,840,816,731,902,895,877,872,825,778]} 1. d4 Nf6 2. c4 e6 3. Nc3 Bb4 4. Nf3 b6 5. e3 Ne4 6. Qc2 Bb7 7. Bd3 f5 {7...Bxc3+ gains popularity.} 8. O-O {[%cal Rc3e4]} Nxc3 {E43: Nimzo-Indian: Rubinstein: 4...b6.} 9. bxc3 Bd6 (9... Bxf3 $11 10. gxf3 Bd6) 10. e4 $16 O-O {White is better.} 11. d5 {[#]} (11. exf5 $6 Bxf3 12. gxf3 (12. c5 Bxh2+ 13. Kh1 Qh4) 12... Qh4 $11) (11. Be3 $16) 11... Qe8 $146 ({Predecessor:} 11... exd5 12. cxd5 g6 13. c4 fxe4 14. Bxe4 Be7 15. Bxg6 hxg6 16. Qxg6+ Kh8 17. Ng5 Bxg5 18. Bxg5 {1-0 (19) Tscherepanov,L (1868)-Hohn,A (1988) Hamburg 2013}) 12. e5 (12. h3 $14) 12... Be7 13. Nd4 Na6 14. Be2 Nc5 15. Bf3 {[%cal Be2f3,Bf3e4,Be4g6,Bg6e8][%mdl 32]} d6 (15... Qf7 $142) 16. Re1 dxe5 17. Rxe5 Bd6 18. Re2 e5 {[#] aiming for ...Qg6.} 19. Nxf5 Ba6 20. Be4 g6 (20... Nxe4 $11 21. Qxe4 Qa4) 21. Nh6+ $1 $14 ({Much weaker is} 21. Nxd6 $6 cxd6 22. Bh6 Rf6 $15) 21... Kh8 22. Bg5 Bxc4 23. Re3 Be7 24. Bxg6 Bxg5 $2 {Black cannot hold the game after this.} 25. Bxe8 $18 {And now Nf7+ would win. Chess con chili.} Bxe3 {This bishop pair is nice.} 26. Nf7+ ({Don't play} 26. fxe3 $6 Raxe8 27. Rd1 e4) 26... Rxf7 $2 (26... Kg7) 27. Bxf7 {White is clearly winning.} Bd3 28. Qd1 Rf8 29. fxe3 Rxf7 30. Qh5 {[%csl LRe5,LRf7]} Kg8 31. Qxe5 {Weighted Error Value: White=0.09 (flawless) /Black=0.33} 1-0

[Event "35th Cannes FIJ Open 2022"]
[Site "Cannes"]
[Date "2022.02.22"]
[Round "3.4"]
[White "Dimitrov, Radoslav"]
[Black "Philippe, Guillaume"]
[Result "0-1"]
[WhiteElo "2487"]
[BlackElo "2411"]
[Annotator "TA"]
[PlyCount "70"]
[EventDate "2022.02.21"]
[EventType "swiss"]
[EventCountry "FRA"]
[SourceTitle "playchess.com"]
[Source "ChessBase"]
[SourceQuality "1"]

{[%evp 9,70,8,10,0,0,-1,0,0,16,2,39,0,14,0,22,4,9,-8,-15,0,0,-20,70,73,60,68,71,64,66,0,0,4,27,0,1,9,10,33,39,6,88,54,73,0,0,0,2,0,0,0,0,-108,-114,-123,0,-10,-3,-76,-70,-82,-57,-2235,-2022]} 1. b3 c5 2. Nf3 d5 3. e3 Nc6 4. Bb5 e6 5. Bb2 Nge7 6. c4 {A06: Réti Opening: 1 Nf3 d5.} a6 7. Ba4 Bd7 {[%cal Ob7b5] And now ...b5! would win.} 8. O-O {[#] The position is equal.} Rb8 $146 {Hoping for ...b5.} ({Predecessor:} 8... Nf5 9. d3 Be7 10. cxd5 exd5 11. e4 dxe4 12. dxe4 Nfd4 13. Bxc6 Bxc6 14. Nxd4 cxd4 15. Qxd4 Qxd4 16. Bxd4 {1-0 (76) Liu,Y (2481)-Xu,J (2501) Xinghua 2018}) 9. Qe2 Ng6 {[%cal Od5d4]} 10. cxd5 (10. Nc3 {looks sharper.} dxc4 11. bxc4 Be7 12. h4 O-O 13. h5) 10... exd5 11. Bxc6 Bxc6 12. Rc1 b5 {[%cal Bb7b5,Bb5b4][%mdl 32]} 13. Ba3 b4 14. Bb2 Bb5 15. d3 Bd6 (15... a5 $1 $11) 16. a4 $14 bxa3 17. Bxa3 Rc8 18. Nc3 O-O 19. h3 (19. Qd1 $1 $14) 19... Re8 {[%cal Od5d4]} 20. Qd1 d4 (20... Ne5 {with more complications.} 21. Nxd5 Nxd3 22. Rc3 Be5 23. Nxe5 Rxe5 24. Nf4 Nxf4 25. Qxd8+ Rxd8 26. exf4 Re4) 21. Nxb5 axb5 22. exd4 b4 23. Bb2 Nf4 24. Rc2 {Inhibits Ne2+.} Re6 (24... Qd7 $11) 25. g3 Rg6 26. dxc5 (26. Kh2 $16) 26... Nxh3+ $11 27. Kf1 Rxc5 28. Rxc5 Bxc5 29. Nh4 Re6 (29... Nxf2 30. Qf3 Qxd3+ 31. Qxd3 Nxd3 32. Ra8+ (32. Nxg6 fxg6 33. Bc1 Nxc1 $14) 32... Bf8 33. Nxg6 fxg6 34. Bd4 $16) 30. d4 {[#]} (30. Qf3 $11 Ng5 31. Qf5) 30... Bf8 $1 $17 {...Qd5 is the strong threat. Black is much more active.} 31. d5 {[#]} Re8 $40 {[%mdl 128] Black mounts an attack.} ({Don't play} 31... Qb6 32. Qd4 Qxd4 33. Bxd4 $16) ({Better is} 31... Rd6 $1 $17 {[%cal Rd6d5]} 32. Qg4 Ng5) 32. Qd4 Ng5 33. Nf5 (33. Re1 $1 $11) 33... Qd7 34. g4 Nf3 {Dancing on a razor blade.} 35. Ra7 $2 {[%mdl 8192]} Qb5+ {Weighted Error Value: White=0.35/Black=0.19 (very precise)} 0-1

[Event "35th Cannes FIJ Open 2022"]
[Site "Cannes"]
[Date "2022.02.22"]
[Round "3.5"]
[White "Boyer, Mahel"]
[Black "Travadon, Loic"]
[Result "1-0"]
[WhiteElo "2407"]
[BlackElo "2459"]
[Annotator "ChessBase"]
[PlyCount "143"]
[EventDate "2022.02.21"]
[EventType "swiss"]
[EventCountry "FRA"]
[SourceTitle "playchess.com"]
[Source "ChessBase"]
[SourceQuality "1"]
[TimeControl "40/5400+30:1800+30"]

1. e4 {[%emt 0:09:57]} c5 {[%emt 0:02:00]} 2. Nf3 {[%emt 0:00:50]} Nc6 {[%emt 0:00:38]} 3. Bc4 {[%emt 0:01:26]} a6 {[%emt 0:02:56]} 4. O-O {[%emt 0:02:14]} b5 {[%emt 0:00:18]} 5. Be2 {[%emt 0:00:56]} Nf6 {[%emt 0:00:35]} 6. d3 {[%emt 0:01:59]} e6 {[%emt 0:04:39]} 7. a4 {[%emt 0:02:14]} Rb8 {[%emt 0:00:50]} 8. axb5 {[%emt 0:13:23]} axb5 {[%emt 0:00:03]} 9. c3 {[%emt 0:09:25]} Be7 {[%emt 0:02:33]} 10. Nbd2 {[%emt 0:05:06]} d5 {[%emt 0:01:38]} 11. e5 {[%emt 0:11:13]} Nd7 {[%emt 0:00:03]} 12. d4 {[%emt 0:00:04]} f6 {[%emt 0:00:52]} 13. exf6 {[%emt 0:01:14]} Bxf6 {[%emt 0:00:08]} 14. dxc5 {[%emt 0:08:24]} Nxc5 {[%emt 0:00:35]} 15. Nb3 {[%emt 0:00:06]} Nxb3 {[%emt 0:01:13]} 16. Qxb3 {[%emt 0:00:45]} O-O {[%emt 0:00:06]} 17. Bf4 {[%emt 0:04:02]} e5 {[%emt 0:00:30]} 18. Bg3 {[%emt 0:00:06]} Be6 {[%emt 0:01:29]} 19. Rfe1 {[%emt 0:00:22]} Bf7 {[%emt 0:01:09]} 20. Bf1 {[%emt 0:00:34]} Re8 {[%emt 0:00:19]} 21. Ra6 {[%emt 0:03:01]} Qc8 {[%emt 0:00:28]} 22. Qa3 {[%emt 0:00:37]} h6 {[%emt 0:03:27]} 23. h3 {[%emt 0:03:39]} Qb7 {[%emt 0:07:22]} 24. Ra1 {[%emt 0:03:43]} Rec8 {[%emt 0:08:43]} 25. Re1 {[%emt 0:03:36]} Re8 {[%emt 0:02:55]} 26. Ra1 {[%emt 0:00:22]} Kh8 {[%emt 0:05:54]} 27. Qd6 {[%emt 0:01:34]} Rbc8 {[%emt 0:00:51]} 28. Qc5 {[%emt 0:00:47]} Nd4 {[%emt 0:03:14]} 29. Qa7 {[%emt 0:03:00]} Nxf3+ {[%emt 0:00:29]} 30. gxf3 {[%emt 0:00:02]} Rb8 {[%emt 0:00:51]} 31. R1a5 {[%emt 0:02:31]} Re7 {[%emt 0:02:49]} 32. Qc5 {[%emt 0:02:45]} Rc7 {[%emt 0:02:32]} 33. Qxb5 {[%emt 0:00:55]} Qxb5 {[%emt 0:00:01]} 34. Rxb5 {[%emt 0:00:56]} Rxb5 {[%emt 0:00:17]} 35. Bxb5 {[%emt 0:00:17]} Rb7 {[%emt 0:00:12]} 36. Ra8+ {[%emt 0:01:39]} Kh7 {[%emt 0:00:04]} 37. Bd3+ {[%emt 0:00:13]} Bg6 {[%emt 0:00:00]} 38. Bxg6+ {[%emt 0:00:32]} Kxg6 {[%emt 0:00:01]} 39. Ra5 {[%emt 0:02:38]} Rd7 {[%emt 0:01:07]} 40. Kf1 {[%emt 0:01:27]} Kf5 {[%emt 0:00:41]} 41. Rb5 {[%emt 0:10:56]} g5 {[%emt 0:00:00]} 42. b4 {[%emt 0:07:37]} h5 {[%emt 0:03:31]} 43. Rc5 {[%emt 0:02:56]} Be7 {[%emt 0:00:24]} 44. Ra5 {[%emt 0:00:36]} h4 {[%emt 0:00:07]} 45. Bh2 {[%emt 0:00:01]} Bf6 {[%emt 0:02:34]} 46. Rc5 {[%emt 0:02:08]} Ke6 {[%emt 0:00:22]} 47. c4 {[%emt 0:02:57]} d4 {[%emt 0:01:20]} 48. Ke2 {[%emt 0:01:40]} Ra7 {[%emt 0:07:44]} 49. Ra5 {[%emt 0:00:30]} Rxa5 {[%emt 0:03:32]} 50. bxa5 {[%emt 0:00:11]} Bd8 {[%emt 0:00:01]} 51. a6 {[%emt 0:00:14]} Bb6 {[%emt 0:00:01]} 52. f4 {[%emt 0:02:34]} gxf4 {[%emt 0:02:25]} 53. f3 {[%emt 0:01:17]} Kd6 {[%emt 0:03:31]} 54. Kd3 {[%emt 0:01:00]} Kc6 {[%emt 0:00:16]} 55. Bg1 {[%emt 0:01:49]} Bd8 {[%emt 0:00:38]} 56. c5 {[%emt 0:00:36]} Be7 {[%emt 0:00:29]} 57. Bf2 {[%emt 0:00:05]} Bxc5 {[%emt 0:02:27]} 58. Bxh4 {[%emt 0:00:09]} Kd5 {[%emt 0:03:31]} 59. Bd8 {[%emt 0:02:28]} e4+ {[%emt 0:01:14]} 60. fxe4+ {[%emt 0:00:03]} Kc6 {[%emt 0:00:01]} 61. Bh4 {[%emt 0:02:02]} f3 {[%emt 0:00:20]} 62. Bf2 {[%emt 0:00:29]} Kb6 {[%emt 0:02:03]} 63. h4 {[%emt 0:00:11]} Kxa6 {[%emt 0:00:04]} 64. h5 {[%emt 0:00:05]} Kb7 {[%emt 0:00:11]} 65. e5 {[%emt 0:01:20]} Kc6 {[%emt 0:00:42]} 66. h6 {[%emt 0:00:14]} Bf8 {[%emt 0:00:06]} 67. h7 {[%emt 0:00:04]} Bg7 {[%emt 0:00:03]} 68. Kxd4 {[%emt 0:00:27]} Kd7 {[%emt 0:00:23]} 69. Kd5 {[%emt 0:00:50]} Ke7 {[%emt 0:01:36]} 70. Bh4+ {[%emt 0:00:37]} Kf7 {[%emt 0:00:06]} 71. e6+ {[%emt 0:00:26]} Ke8 {[%emt 0:06:58]} 72. Ke4 {[%emt 0:00:19]} 1-0

[Event "35th Cannes FIJ Open 2022"]
[Site "Cannes"]
[Date "2022.02.22"]
[Round "3.6"]
[White "Godena, Michele"]
[Black "Eugene, Floryan"]
[Result "1-0"]
[WhiteElo "2442"]
[BlackElo "2404"]
[Annotator "TA"]
[PlyCount "61"]
[EventDate "2022.02.21"]
[EventType "swiss"]
[EventCountry "FRA"]
[SourceTitle "playchess.com"]
[Source "ChessBase"]
[SourceQuality "1"]

{[%evp 14,61,0,0,12,5,15,12,12,17,20,23,21,12,38,47,50,40,52,62,141,137,159,145,191,208,205,193,291,300,763,752,3193,2602,3232,3486,3018,2777,2483,2423,2081,2030,1711,1330,1425,1416,1339,1311,29991,29992]} 1. e4 e5 2. Nf3 Nc6 3. Bc4 Bc5 4. O-O Nf6 5. d3 O-O 6. Nc3 h6 7. h3 d6 {7...a6 is the modern continuation.} 8. Na4 Bb6 {C50: Hungarian Defence and Giuoco Pianissimo.} 9. c3 {[%cal Bc2c3,Bc3d4,Bd4e5,Be5d6][%mdl 32]} Re8 10. Re1 {[#]} Be6 $146 {The position is equal.} ({Predecessor:} 10... Bd7 11. Nxb6 axb6 12. b4 Nb8 13. a4 c5 14. Be3 Nc6 15. Qb3 Be6 16. Nd2 Qc7 17. Bxe6 Rxe6 {1-0 (30) Zemella,C (1508)-Bondarenko,A (1154) Muelheim 2002}) 11. Bb5 Bd7 12. Nxb6 axb6 13. Ba4 Nd4 14. cxd4 {Threatens to win with Bxd7.} Bxa4 15. b3 Bb5 16. a4 {[%cal Oc1h6]} c5 {White now steadily converts the win.} (16... Bc6 $14) 17. Bb2 $16 {[%cal Rd4e5]} Ba6 18. dxe5 Nh5 {[#]} (18... dxe5 $16 19. Nxe5 Nd7) 19. exd6 $1 $18 {Be5 is the strong threat.} Qxd6 {[#]} 20. Nh4 $1 g6 (20... Nf4 {was worth a try.}) 21. Nf5 $1 Qxd3 {[#]} (21... gxf5 22. Qxh5 Qg6) 22. Qc1 $1 {[%cal Oc1h6]} gxf5 (22... Qxb3 23. Ra3) 23. Qxh6 {[%csl Gb2][%cal Rh6h8]} f6 24. Qxh5 {Intending Qg6+ and mate.} Qd7 25. Bxf6 Qh7 26. Qg5+ Kf8 27. exf5 Bd3 28. g4 {[%cal Bg2g4,Bg4g5][%mdl 32]} Bc2 29. Bc3 {White wants to mate with Qf6+.} Bxb3 30. Qf6+ Bf7 31. g5 {Weighted Error Value: White=0.03 (flawless) /Black=0.72} 1-0

[Event "35th Cannes FIJ Open 2022"]
[Site "Cannes"]
[Date "2022.02.22"]
[Round "3.7"]
[White "Schlegel, Igor"]
[Black "Valsecchi, Alessio"]
[Result "0-1"]
[WhiteElo "2139"]
[BlackElo "2524"]
[Annotator "TA"]
[PlyCount "84"]
[EventDate "2022.02.21"]
[EventType "swiss"]
[EventCountry "FRA"]
[SourceTitle "playchess.com"]
[Source "ChessBase"]
[SourceQuality "1"]

{[%evp 9,84,16,34,12,10,15,12,0,4,10,6,0,32,29,31,29,60,50,59,61,61,61,67,62,59,41,61,36,65,16,46,0,45,39,60,43,59,37,46,30,48,24,83,72,89,66,101,78,96,61,71,-43,-45,-38,-66,-92,-101,-141,-145,-128,-105,-117,-86,-358,-351,-605,-577,-815,-798,-775,-527,-29971,-29957,-29997,-29998,-29998,-29999]} 1. e4 c5 2. Nf3 d6 3. d4 cxd4 4. Qxd4 Nf6 5. Be2 Nc6 6. Qe3 {B53: Sicilian: 2...d6: Lines with Qxd4.} g6 7. O-O Bg7 8. h3 {The position is equal.} O-O 9. Rd1 Nd7 10. Nc3 Qb6 {[#]} 11. Qxb6 $146 ({Predecessor:} 11. Qf4 Nde5 12. Nd5 Qd8 13. Qh4 Nxf3+ 14. Bxf3 e6 15. Qxd8 Rxd8 16. Bg5 exd5 17. exd5 {½-½ (31) Pichot,A (2621)-Duda,J (2753) Chess.com INT 2020}) 11... Nxb6 12. Nd5 Be6 13. Nc7 Rac8 14. Nxe6 fxe6 15. c3 h6 {Prevents Ng5.} 16. Be3 Na4 17. Rd2 a6 18. Nd4 Nd8 19. f3 (19. h4 $14) 19... Kh7 20. Rc1 (20. Rb1 $14) 20... b5 (20... e5 $11 21. Nb3 h5) 21. Rdc2 e5 22. Nb3 Nc6 23. a3 Rb8 24. Nd2 h5 25. g4 {[%cal Bg2g4,Bg4g5][%mdl 32]} (25. b3 $5 {[%cal Rb3a4]} Nc5 26. Bxc5 dxc5 27. Nf1 $11) 25... Bh6 {[#]} (25... h4 $11 {remains equal.}) 26. g5 $1 $16 Bg7 27. h4 e6 28. b3 Nc5 29. b4 Na4 30. c4 (30. Kg2 $16) 30... Nd4 $15 31. Bxd4 exd4 {[%cal Be5d4,Bd4d3][%mdl 32]} 32. cxb5 Nc3 33. Nc4 axb5 {Black is more active.} 34. Nxd6 Nxe2+ 35. Rxe2 d3 36. Ra2 {[%mdl 8192] [#] This costs White the game.} (36. Rd2 $17 Rxf3 37. Kg2) 36... Be5 $19 37. Rc6 $2 (37. Nxb5 Rxb5 38. Kf2) 37... Rxf3 38. Rc7+ Kg8 39. Rd7 Rg3+ 40. Kh1 Rf8 {Prevents Nf7. Black mates.} 41. Nxb5 Rf1+ 42. Kh2 Rg4+ {Weighted Error Value: White=0.57/Black=0.19 (very precise)} 0-1

[Event "35th Cannes FIJ Open 2022"]
[Site "Cannes"]
[Date "2022.02.22"]
[Round "3.8"]
[White "Nihal Sarin"]
[Black "Mathieu, Phileas"]
[Result "1/2-1/2"]
[WhiteElo "2656"]
[BlackElo "2323"]
[Annotator "TA"]
[PlyCount "115"]
[EventDate "2022.02.21"]
[EventType "swiss"]
[EventCountry "FRA"]
[SourceTitle "playchess.com"]
[Source "ChessBase"]
[SourceQuality "1"]

{[%evp 9,115,-2,-3,-10,-8,-9,0,-17,-8,-19,0,0,0,-25,-25,-21,-12,-22,-19,-19,-19,-19,-12,-20,-12,-16,0,-8,-6,-29,-32,-31,-11,-36,-7,-34,-23,-33,-59,-33,-33,-36,-37,-47,-39,-49,-41,-42,-27,-39,-16,-12,-12,-14,-12,-12,-5,-12,-12,-45,-12,-12,-12,-12,-12,-12,-12,-12,-12,-12,0,-12,0,-12,-12,-12,-12,-12,-12,-12,-12,-38,0,-12,0,-12,0,0,0,0,0,0,0,0,0,0,0,0,0,0,0,0,0,0,0,0,0,0]} 1. Nf3 c5 2. b3 d6 3. c4 Nc6 4. g3 g6 5. Bb2 e5 6. Bg2 {A04: Unusual lines after 1 Nf3 and King's Indian Attack.} Bg7 7. O-O Nge7 8. d3 O-O {[%cal Oe5e4]} 9. Nc3 b6 10. a3 Bb7 11. Ne1 Qd7 12. Nc2 {[#]} Nd4 $146 ({Predecessor:} 12... f5 13. b4 f4 14. b5 Na5 15. e4 Nb3 16. Ra2 Rf7 17. g4 {½-½ (17) Disconzi da Silva,R-Dumont,S (2320) Curitiba 1990}) 13. Ne3 Bxg2 14. Kxg2 f5 {[%cal Bf7f5,Bf5f4][%mdl 32]} 15. Ned5 Nxd5 16. Nxd5 Nc6 17. e4 Ne7 18. Nxe7+ Qxe7 19. Qe2 f4 {[#] White must now prevent ...f3+.} 20. f3 Qd7 21. g4 h5 22. g5 h4 23. Bc3 Qe7 24. Rg1 Qxg5+ 25. Kh1 Qh5 26. h3 Bf6 27. b4 g5 28. a4 Qf7 29. Kh2 Qd7 30. Rgb1 Rfb8 31. Rb3 Rb7 32. Qb2 Rab8 33. Rb1 Qe6 (33... Qxa4 $2 34. b5 $18) 34. Qa2 Kf7 35. b5 Bd8 36. a5 Qd7 37. Ra3 Kf8 38. Rg1 Qe6 39. Ra1 Qd7 40. Qg2 Qe6 41. axb6 axb6 42. Kg1 {[%cal Bh2g1,Bg1f2,Bf2e2,Be2d2,Bd2c2,Bc2b3][%mdl 32]} Ke8 43. Kf2 Qd7 44. Ke2 Rc8 45. Kd2 Rcb8 46. Kc2 {The position is equal.} Rc8 47. Kb3 Rcc7 48. Be1 {[%cal Oe1h4]} Qe6 49. Ra8 {[#] Qxg5 is the strong threat.} Rc8 50. R8a7 Rcc7 51. Rxb7 Rxb7 52. Ra8 {Hoping for Qxg5.} Kd7 53. Bc3 Kc7 54. Be1 Rb8 55. Ra7+ Rb7 56. Ra8 Rb8 57. Ra6 Rb7 58. Ra8 {Prevents Qc8.  Weighted Error Value: White=0.05 (flawless) /Black=0.05 (flawless)} 1/2-1/2

[Event "35th Cannes FIJ Open 2022"]
[Site "Cannes"]
[Date "2022.02.23"]
[Round "4.1"]
[White "Godena, Michele"]
[Black "Meshkovs, Nikita"]
[Result "1-0"]
[WhiteElo "2442"]
[BlackElo "2559"]
[Annotator "TA"]
[PlyCount "59"]
[EventDate "2022.02.21"]
[EventType "swiss"]
[EventCountry "FRA"]
[SourceTitle "playchess.com"]
[Source "ChessBase"]
[SourceQuality "1"]

{[%evp 15,59,0,0,0,0,0,0,0,-17,0,0,0,16,-14,-8,-9,-4,-27,-27,-19,-28,-36,-29,-38,198,194,341,350,352,345,337,0,207,0,333,337,514,517,514,506,498,514,577,575,514,539]} 1. e4 {[%cal Be2e4,Be4e5][%mdl 32]} c5 2. c3 {[%cal Bc2c3,Bc3d4,Bd4e5][%mdl 32]} Nf6 {[%cal Bg8f6,Bf6d5,Bd5b4][%mdl 32]} 3. e5 Nd5 4. Nf3 Nc6 5. d4 cxd4 6. cxd4 d6 7. Bc4 dxe5 8. dxe5 Ndb4 9. O-O {Black must now prevent Qe2. B22: Sicilian: 2 c3.} Qxd1 10. Rxd1 Bg4 {Threatens to win with ...Nc2.} ({Don't take} 10... Nc2 11. Na3 Nxa3 12. bxa3 $16) 11. Nc3 {The position is equal.} Bxf3 12. gxf3 $40 {[%mdl 128] aiming for Nb5. White has some attack.} Nxe5 13. Bb3 {Strongly threatening Ba4+.} e6 {[#]} 14. f4 $146 {[%mdl 1024] White has compensation.} (14. Nb5 $5 {[%cal Rb5c7]} Rc8 15. Nxa7 $11) ({Predecessor:} 14. Ba4+ Nec6 15. Nb5 Nd5 16. Bg5 Be7 17. Bxe7 Kxe7 18. Rac1 a6 19. Nc3 Nxc3 20. Rxc3 {1-0 (36) Lapushnian,M (1362)-Schippke,M (1794) Tornelo INT 2020}) 14... Nf3+ 15. Kh1 Bc5 16. Ne4 Bb6 17. Ba4+ Nc6 $1 18. Nd6+ Ke7 $1 19. Nxb7 Nfd4 {[#]} (19... Ncd4 $15 {keeps the upper hand.} 20. b3 Kf6) 20. b3 $1 $18 Rac8 {[#]} (20... Nb4 {was necessary.}) 21. Ba3+ $1 ({Not} 21. Bb2 Nf5 $16) 21... Kf6 22. Bb2 Ke7 23. Ba3+ {A strong pair of Bishops.} Kf6 24. Bb2 (24. Rac1 $142) 24... Ke7 {Inhibits Nd6.} 25. Rac1 a6 (25... Nb4 $142 26. Rxc8 Rxc8 27. Bxd4 Bxd4) 26. Ba3+ {White is clearly winning.} Kf6 27. Nd6 {[%cal Bb7d6,Bd6c4,Bc4e5][%mdl 32]} Rc7 28. Nc4 ({Less strong is} 28. Bb2 Rd8 $18) 28... Ba7 29. Ne5 Rhc8 30. Bd6 {Weighted Error Value: White=0.28 (precise) /Black=0.34} 1-0